000 04077nam a2200361 a 4500
003 CHAP
005 20250707104806.0
007 ta
008 250112s2023 mx ado|fom||| 001 0 spa d
040 _erda
041 _aspa
_beng
100 1 _aManilla Tellez, Yesenia
_9188099
240 1 0 _aAnalysis of the environmental impact of the artisanal process of mezcal production.
_lEspañol
245 1 0 _aAnálisis del impacto ambiental del proceso artesanal de producción de mezcal /
_cYesenia Manilla Tellez
264 _aChapingo, México :
_bEl autor,
_c2023
300 _a1 recurso en línea (xiii, 53 páginas) :
_bilustraciones, tablas, gráficas, diagramas, fotografías
336 _2rdacontent
_atexto
_btxt
337 _2rdamedia
_acomputadora
_bc
338 _2rdacarrier
_arecurso en línea
_bcr
502 _aTesis
_bMCTA
_cAgroindustrias
_d2023
_gMAE
504 _aIncluye bibliografías
520 3 _aDurante la producción artesanal de mezcal, se generan residuos que impactan al medio ambiente. Actualmente, este es un tema poco explorado en esta bebida. En estudios realizados en otras bebidas destiladas, se ha evaluado el impacto ambiental que generan durante su producción; empleado extensamente la herramienta Análisis del Ciclo de Vida. Bajo esta idea, se abordó como objetivo analizar la línea de producción artesanal de mezcal en cuatro escenarios, que resultaron de la combinación de especies de maguey procesadas y tipo de embotellado del producto final; mediante herramientas de ingeniería de diagnóstico y Análisis del Ciclo de Vida. Los datos se recopilaron en una fábrica artesanal para los balances de materia y energía. Estos balances fueron sujetos a la metodología línea base CML 2001, en sus 10 categorías de impacto ambiental más utilizadas para el Análisis del Ciclo de Vida. Los hallazgos indican que cada una de las etapas requeridas para el procesamiento del mezcal afecta significativamente el ecosistema marino. Las etapas de cocimiento, destilación y embotellado son las de mayor impacto ambiental. Los mezcales envasados en botellas de vidrio generan 2 veces más impacto que los mezcales envasados en botella de plástico PET de 1 litro. --
520 3 _aDuring the artisanal production of mezcal, waste is generated, which impacts the environment. Currently, this is a topic that has been scarcely explored in relation to this beverage. Studies on other distilled beverages have assessed the environmental impact generated during their production, extensively utilizing the Life Cycle Assessment tool. With this notion in mind, the objective was to analyze the artisanal mezcal production line in four scenarios, resulting from the combination of processed agave species and the type of bottling for the final product, using diagnostic engineering tools and Life Cycle Assessment. Data was gathered at an artisanal factory for material and energy balances. These balances were analyzed using the CML 2001 baseline methodology, considering its 10 most commonly used environmental impact categories for Life Cycle Assessment. The findings indicate that each stage required for mezcal processing significantly affects the marine ecosystem. The cooking, distillation, and bottling stages have the highest environmental impact. Mezcals packaged in glass bottles generate twice as much impact as mezcals packaged in 1-liter PET plastic bottles.
650 1 3 _aAlcoholes etílicos
_2atg
_9163436
650 1 3 _aMezcal artesanal
_2atg
_9130197
_xDenominación de origen protegida
_xEvaluación de impacto ambiental
650 1 3 _aDistilled spirits
_2atg
_9148015
650 1 0 _aArtisan mezcal
_2atg
_9189108
_xProtected designation of origin
_xEnvironmental assessment
700 1 _aPérez López, Artemio
_9149931
_edirector
700 1 _aMiranda Trujillo, Luis Carlos
_9189830
_easesor
700 1 _aEspinosa Solares, Teodoro
_9153069
_easesor
856 4 0 _yDESCARGAR PDF
_uhttp://10.13.5.2/tesis/tm/2112547-5_MANILLA_TELLEZ_YESENIA.pdf
942 _2Clasificación Universidad Autónoma Chapingo
_cTD
999 _c220329
_d220329